|
|
|
|
| LEADER |
00000cam a2200000 7i4500 |
| 001 |
0000000407 |
| 005 |
20000809.0 |
| 020 |
0 |
0 |
|a 0306447487
|
| 090 |
0 |
0 |
|a 582.0467
|b BEW 1994
|
| 100 |
1 |
0 |
|a BEWLEY
|h J. Derek
|c 1943-
|
| 245 |
1 |
0 |
|a Seeds :
|b Physiology of development and germination
|c J. Derek Bewley and Michael Black
|
| 250 |
0 |
0 |
|a 2nd ed.
|
| 260 |
0 |
0 |
|a New York :
|b Plenum Press ,
|c 1994
|
| 300 |
|
|
|a xv, 445 p. :
|b ill. ;
|c 23 cm.
|
| 500 |
0 |
0 |
|a Includes bibliographical references and index
|
| 650 |
0 |
0 |
|a Germination
|
| 650 |
0 |
0 |
|a Seeds
|x Development
|
| 700 |
0 |
1 |
|a Black
|h Michael
|
| 999 |
|
|
|a 0000000693
|b Monograph
|c Open Shelf
|e Default branch
|